[Event "Tradewise Gibraltar ChallWk2"]
[Site "Gibraltar"]
[Date "2016.01.30"]
[Round "1.1"]
[White "Menna Barreto, Felipe Kubiaki"]
[Black "Brandstetter, Dieter"]
[Result "1-0"]
[WhiteElo "2247"]
[BlackElo "2039"]
[PlyCount "93"]
[EventDate "2016.01.30"]
[EventType "swiss"]
[EventRounds "5"]
[EventCountry "GGB"]
[SourceTitle "BritBase"]
[Source "www.saund.co.uk"]
[SourceDate "2018.02.10"]
[SourceVersion "1"]
[SourceVersionDate "2018.02.10"]
[SourceQuality "1"]

1. d4 d5 2. Nf3 Nf6 3. c4 c6 4. e3 Bf5 5. Nc3 e6 6. Bd3 Bxd3 7. Qxd3 Nbd7 8.
O-O Bb4 9. Bd2 a5 10. a3 Bxc3 11. Bxc3 Ne4 12. a4 O-O 13. Nd2 Ndf6 14. f3 Nxc3
15. bxc3 Qc7 16. Rab1 Rfe8 17. f4 Re7 18. c5 g6 19. Rb3 Kg7 20. Rfb1 Kg8 21.
R1b2 Ra7 22. g3 Qd8 23. h3 h5 24. Qb1 Qd7 25. Kg2 Kg7 26. Qd1 Ra8 27. Qf3 Rh8
28. Rb1 Qc8 29. R3b2 Qc7 30. e4 Rb8 31. e5 Nd7 32. g4 hxg4 33. hxg4 Ree8 34.
Qg3 Rh8 35. Nf3 b6 36. f5 bxc5 37. Rxb8 Nxb8 38. f6+ Kf8 39. Rh1 Rxh1 40. Kxh1
Qb7 41. Qh4 Ke8 42. Qh8+ Kd7 43. Qf8 Qb1+ 44. Kg2 Kc7 45. Qxf7+ Nd7 46. Qxe6
Qc2+ 47. Kg3 1-0

[Event "Tradewise Gibraltar ChallWk2"]
[Site "Gibraltar"]
[Date "2016.01.30"]
[Round "1.2"]
[White "Ebner, Johann"]
[Black "Lercel, Michal"]
[Result "0-1"]
[WhiteElo "2036"]
[BlackElo "2245"]
[PlyCount "120"]
[EventDate "2016.01.30"]
[EventType "swiss"]
[EventRounds "5"]
[EventCountry "GGB"]
[SourceTitle "BritBase"]
[Source "www.saund.co.uk"]
[SourceDate "2018.02.10"]
[SourceVersion "1"]
[SourceVersionDate "2018.02.10"]
[SourceQuality "1"]

1. d4 Nf6 2. c4 g6 3. Nc3 Bg7 4. e4 d6 5. Be2 O-O 6. Bg5 c5 7. d5 e6 8. Nf3 h6
9. Bc1 exd5 10. cxd5 b5 11. Bxb5 Nxe4 12. O-O Nxc3 13. bxc3 Qa5 14. Qb3 Bg4 15.
Bd2 Qc7 16. Be2 Nd7 17. Rab1 Bf5 18. Qb7 Qa5 19. Qb5 Qxb5 20. Rxb5 Nb6 21. c4
Rfe8 22. Re1 Re4 23. Bf1 Rae8 24. Rxe4 Bxe4 25. Ba5 Rb8 26. Nd2 Bf5 27. g3 Kf8
28. Be2 h5 29. Rb3 Bc2 30. Rb5 Ke7 31. Nf1 Nd7 32. Rxb8 Nxb8 33. Ne3 Bb1 34. a4
Na6 35. Bd2 Nb4 36. Kf1 Kd7 37. Ke1 Bd4 38. Kd1 Kc7 39. Kc1 Be4 40. f3 Na2+ 41.
Kd1 Bb1 42. Nc2 Bb2 43. Bd3 Bc3 44. Bf4 a5 45. g4 hxg4 46. fxg4 Bb2 47. Bd2 Be5
48. Bxa5+ Kb7 49. h4 Nc3+ 50. Bxc3 Bxc3 51. h5 gxh5 52. gxh5 Kb6 53. h6 Ka5 54.
h7 Kxa4 55. Ne1 Bxd3 56. Nxd3 Kb3 57. Nf2 f5 58. Nh3 Kxc4 59. Kc2 Bf6 60. Nf4
Kd4 0-1

[Event "Tradewise Gibraltar ChallWk2"]
[Site "Gibraltar"]
[Date "2016.01.30"]
[Round "1.3"]
[White "Romero Berruezo, Francisco"]
[Black "Krokay, Urszula"]
[Result "1-0"]
[WhiteElo "2241"]
[BlackElo "2035"]
[PlyCount "75"]
[EventDate "2016.01.30"]
[EventType "swiss"]
[EventRounds "5"]
[EventCountry "GGB"]
[SourceTitle "BritBase"]
[Source "www.saund.co.uk"]
[SourceDate "2018.02.10"]
[SourceVersion "1"]
[SourceVersionDate "2018.02.10"]
[SourceQuality "1"]

1. Nf3 Nf6 2. c4 e6 3. g3 d5 4. Bg2 Be7 5. O-O O-O 6. b3 b6 7. Bb2 Bb7 8. e3
Nbd7 9. Nc3 Nc5 10. d4 Nce4 11. Ne2 Rc8 12. cxd5 exd5 13. Bh3 Bd6 14. Nf4 g5
15. Bxc8 Bxc8 16. Nd3 Bh3 17. Nfe5 Bxf1 18. Kxf1 Qc8 19. Kg2 g4 20. f3 Ng5 21.
fxg4 Nfe4 22. h4 f6 23. hxg5 fxe5 24. dxe5 Be7 25. Nf4 Rd8 26. g6 hxg6 27. e6
Bf6 28. Bxf6 Nxf6 29. Qd4 Rf8 30. Nxg6 Qxe6 31. Nxf8 Kxf8 32. Rf1 Ke7 33. g5
Ne4 34. Qg7+ Kd6 35. Qf8+ Qe7 36. Qf4+ Kc6 37. g6 Nf6 38. Qxf6+ 1-0

[Event "Tradewise Gibraltar ChallWk2"]
[Site "Gibraltar"]
[Date "2016.01.30"]
[Round "1.4"]
[White "Suez-Panama, Gilles"]
[Black "Longa Yauca, Javier"]
[Result "0-1"]
[WhiteElo "2032"]
[BlackElo "2234"]
[PlyCount "100"]
[EventDate "2016.01.30"]
[EventType "swiss"]
[EventRounds "5"]
[EventCountry "GGB"]
[SourceTitle "BritBase"]
[Source "www.saund.co.uk"]
[SourceDate "2018.02.10"]
[SourceVersion "1"]
[SourceVersionDate "2018.02.10"]
[SourceQuality "1"]

1. Nf3 d5 2. d4 Nf6 3. c4 c6 4. g3 g6 5. Bg2 Bg7 6. Qb3 O-O 7. O-O Qb6 8. c5
Qxb3 9. axb3 Na6 10. Bd2 Ne4 11. Bc3 Re8 12. b4 Nc7 13. Ne5 f6 14. Nd3 Nb5 15.
e3 Bh6 16. Re1 Bf5 17. Nc1 e5 18. Nb3 a6 19. Bxe4 Bxe4 20. N1d2 Bd3 21. Kg2 Re7
22. f4 Rae8 23. dxe5 Nxc3 24. exf6 Rxe3 25. Rxe3 Rxe3 26. bxc3 Kf7 27. Nd4 g5
28. fxg5 Bxg5 29. N2f3 Bxf6 30. Re1 Re4 31. Kf2 h5 32. h4 Kg6 33. Re3 Bb5 34.
Rxe4 dxe4 35. Nd2 Bd3 36. Ke3 Be5 37. Kf2 Kf6 38. N2b3 Bc7 39. Nc1 a5 40. bxa5
Bxa5 41. Na2 Ke5 42. Nb3 Bc7 43. Nb4 Kf5 44. Ke3 Bxg3 45. Nd4+ Kg4 46. Nxd3
exd3 47. Kxd3 Bxh4 48. Ke4 Be7 49. Ne2 h4 50. Nf4 h3 0-1

[Event "Tradewise Gibraltar ChallWk2"]
[Site "Gibraltar"]
[Date "2016.01.30"]
[Round "1.5"]
[White "House, Glenn L"]
[Black "Calvi, Stefan"]
[Result "1-0"]
[WhiteElo "2226"]
[BlackElo "2026"]
[PlyCount "71"]
[EventDate "2016.01.30"]
[EventType "swiss"]
[EventRounds "5"]
[EventCountry "GGB"]
[SourceTitle "BritBase"]
[Source "www.saund.co.uk"]
[SourceDate "2018.02.10"]
[SourceVersion "1"]
[SourceVersionDate "2018.02.10"]
[SourceQuality "1"]

1. e4 c5 2. Nc3 Nc6 3. g3 g6 4. Bg2 Bg7 5. d3 d6 6. f4 Nf6 7. Nf3 O-O 8. O-O
Ne8 9. Be3 Nc7 10. Qd2 f5 11. Rae1 Nd4 12. Nh4 Rb8 13. Nd1 e6 14. c3 Nc6 15.
Bf2 Bd7 16. Nf3 b6 17. Kh1 h6 18. d4 cxd4 19. Nxd4 Nxd4 20. Bxd4 Bxd4 21. Qxd4
Bc6 22. Rf2 fxe4 23. Bxe4 Bxe4+ 24. Qxe4 Kh7 25. Rd2 d5 26. Qe5 Rc8 27. Nf2 Qf6
28. Qe2 h5 29. Nh3 Kg7 30. Ng5 Rce8 31. h4 Qf5 32. Kh2 Re7 33. Rd3 Rfe8 34. Re3
Kf6 35. Re5 Qg4 36. Nf3 1-0

[Event "Tradewise Gibraltar ChallWk2"]
[Site "Gibraltar"]
[Date "2016.01.30"]
[Round "1.6"]
[White "Gostelow, David W"]
[Black "Midonet, Mathieu"]
[Result "1-0"]
[WhiteElo "2023"]
[BlackElo "2211"]
[PlyCount "92"]
[EventDate "2016.01.30"]
[EventType "swiss"]
[EventRounds "5"]
[EventCountry "GGB"]
[SourceTitle "BritBase"]
[Source "www.saund.co.uk"]
[SourceDate "2018.02.10"]
[SourceVersion "1"]
[SourceVersionDate "2018.02.10"]
[SourceQuality "1"]

1. d4 Nf6 2. Nf3 d5 3. Bf4 c5 4. e3 Nc6 5. Nbd2 Qb6 6. dxc5 Qxc5 7. Be2 e6 8.
O-O Be7 9. h3 O-O 10. c3 Bd7 11. Nd4 Rfe8 12. b4 Qb6 13. a3 Rac8 14. Qb3 Bf8
15. Bg5 e5 16. N4f3 Be6 17. Bxf6 gxf6 18. c4 d4 19. Rac1 Red8 20. exd4 Nxd4 21.
Nxd4 Qxd4 22. Rfd1 Qf4 23. Qe3 Bh6 24. Nf1 Qh4 25. Qxa7 Bxc1 26. Rxc1 Rd7 27.
Ne3 Qd4 28. Qa4 Qb2 29. Rc2 Qb1+ 30. Kh2 Rd4 31. Qa7 f5 32. Qxb7 f4 33. Bg4 Rf8
34. Qe7 h6 35. Bxe6 fxe3 36. Bf5 Rf4 37. Qxe5 Rxf2 38. Rxf2 exf2 39. Qg3+ Kh8
40. Qxf2 Qa1 41. c5 Qxa3 42. Qd4+ Kg8 43. b5 Re8 44. b6 Qc1 45. b7 Qe1 46. c6
Qe7 1-0

[Event "Tradewise Gibraltar ChallWk2"]
[Site "Gibraltar"]
[Date "2016.01.30"]
[Round "1.7"]
[White "Verneuil, Pascal"]
[Black "Odeh, Kenneth"]
[Result "1-0"]
[WhiteElo "2205"]
[BlackElo "2014"]
[PlyCount "101"]
[EventDate "2016.01.30"]
[EventType "swiss"]
[EventRounds "5"]
[EventCountry "GGB"]
[SourceTitle "BritBase"]
[Source "www.saund.co.uk"]
[SourceDate "2018.02.10"]
[SourceVersion "1"]
[SourceVersionDate "2018.02.10"]
[SourceQuality "1"]

1. e4 c6 2. d4 d5 3. Nd2 dxe4 4. Nxe4 Bf5 5. Ng3 Bg6 6. f4 e6 7. Nf3 Nd7 8. Bc4
Ngf6 9. O-O Be7 10. f5 exf5 11. Nh4 f4 12. Bxf4 O-O 13. Nhf5 Nd5 14. Bc1 N7b6
15. Bd3 Bg5 16. Qg4 Bxc1 17. Raxc1 Nf6 18. Qf3 Nbd5 19. c3 Ne8 20. Rce1 Nd6 21.
Re5 Nxf5 22. Bxf5 Ne7 23. Rfe1 Nxf5 24. Nxf5 Bxf5 25. Qxf5 Qd6 26. Re7 b6 27.
R1e3 a5 28. Rd7 Qh6 29. Ree7 Qc1+ 30. Qf1 Qxf1+ 31. Kxf1 b5 32. Rc7 Rac8 33.
Ke2 b4 34. Rxf7 Rfe8+ 35. Kd2 Rxc7 36. Rxc7 Re6 37. cxb4 axb4 38. Rb7 Rg6 39.
g3 Rh6 40. Rxb4 Rxh2+ 41. Ke3 Kf7 42. a4 Rh1 43. a5 Ra1 44. Rb7+ Kf6 45. b4
Ra3+ 46. Ke4 Rxg3 47. Rb6 h5 48. Rxc6+ Ke7 49. Rc5 g5 50. a6 Ra3 51. Ra5 1-0

[Event "Tradewise Gibraltar ChallWk2"]
[Site "Gibraltar"]
[Date "2016.01.30"]
[Round "1.8"]
[White "Ramirez Dominguez, Agustin"]
[Black "Pinho, Paulo"]
[Result "1/2-1/2"]
[WhiteElo "2011"]
[BlackElo "2197"]
[PlyCount "71"]
[EventDate "2016.01.30"]
[EventType "swiss"]
[EventRounds "5"]
[EventCountry "GGB"]
[SourceTitle "BritBase"]
[Source "www.saund.co.uk"]
[SourceDate "2018.02.10"]
[SourceVersion "1"]
[SourceVersionDate "2018.02.10"]
[SourceQuality "1"]

1. e4 c5 2. Nf3 e6 3. d4 cxd4 4. c3 dxc3 5. Nxc3 Bc5 6. Bc4 Ne7 7. O-O Ng6 8.
Qe2 O-O 9. Be3 d6 10. Rfd1 Qe7 11. a3 Nc6 12. b4 Bxe3 13. Qxe3 b6 14. Rd2 Nge5
15. Ba2 Bb7 16. Ne1 Rad8 17. Rad1 Rd7 18. h3 Rfd8 19. f4 Ng6 20. Nf3 Nh4 21.
Nxh4 Qxh4 22. Kh2 Ne7 23. g3 Qh6 24. Bb3 Kh8 25. Ba4 Bc6 26. Bxc6 Nxc6 27. Qf3
Qf6 28. Nb5 e5 29. f5 Qe7 30. Qc3 Nb8 31. Rxd6 Rxd6 32. Rxd6 a6 33. Rxd8+ Qxd8
34. Nc7 Qd1 35. Qxe5 Qe2+ 36. Kg1 1/2-1/2

[Event "Tradewise Gibraltar ChallWk2"]
[Site "Gibraltar"]
[Date "2016.01.30"]
[Round "1.9"]
[White "Gueler, Sebastian"]
[Black "Harding, Tim D"]
[Result "1-0"]
[WhiteElo "2189"]
[BlackElo "2006"]
[PlyCount "73"]
[EventDate "2016.01.30"]
[EventType "swiss"]
[EventRounds "5"]
[EventCountry "GGB"]
[SourceTitle "BritBase"]
[Source "www.saund.co.uk"]
[SourceDate "2018.02.10"]
[SourceVersion "1"]
[SourceVersionDate "2018.02.10"]
[SourceQuality "1"]

1. c4 Nf6 2. Nf3 e6 3. Nc3 d5 4. cxd5 exd5 5. d4 c6 6. Bg5 h6 7. Bh4 Bf5 8. e3
Be7 9. Bd3 Ne4 10. Bxe7 Qxe7 11. Qc2 Nd7 12. O-O O-O 13. a3 Rfe8 14. b4 a6 15.
Rfc1 Qf6 16. Rab1 Nxc3 17. Qxc3 Be4 18. Nd2 Qg5 19. Nxe4 dxe4 20. Bf1 Re6 21.
a4 Nb6 22. Qb3 Rd8 23. Rc5 Rd5 24. Rbc1 Red6 25. b5 cxb5 26. axb5 axb5 27. Qxb5
Qd8 28. Rb1 Rg5 29. Qa5 Rgg6 30. Qa7 Qe7 31. g3 Rgf6 32. Rb2 g6 33. Re5 Rfe6
34. Rxb6 Rxb6 35. Qxb6 Rxe5 36. dxe5 Qxe5 37. Qxb7 1-0

[Event "Tradewise Gibraltar ChallWk2"]
[Site "Gibraltar"]
[Date "2016.01.30"]
[Round "1.10"]
[White "Maloberti, David"]
[Black "Guerra Rivera, Salvador"]
[Result "1/2-1/2"]
[WhiteElo "2006"]
[BlackElo "2184"]
[PlyCount "83"]
[EventDate "2016.01.30"]
[EventType "swiss"]
[EventRounds "5"]
[EventCountry "GGB"]
[SourceTitle "BritBase"]
[Source "www.saund.co.uk"]
[SourceDate "2018.02.10"]
[SourceVersion "1"]
[SourceVersionDate "2018.02.10"]
[SourceQuality "1"]

1. d4 d5 2. c4 e6 3. Nc3 c6 4. Nf3 dxc4 5. a4 Bb4 6. Bd2 a5 7. e3 b5 8. axb5
Bxc3 9. Bxc3 cxb5 10. b3 Bb7 11. d5 Nf6 12. bxc4 b4 13. Bxf6 Qxf6 14. Qa4+ Ke7
15. Nd4 Nd7 16. Be2 Rhc8 17. O-O exd5 18. Qb5 Bc6 19. Nxc6+ Qxc6 20. Rxa5 Qxb5
21. Rxb5 dxc4 22. Rxb4 c3 23. Rc1 Ra2 24. Kf1 Ra5 25. Rb7 Ke6 26. e4 Nf6 27.
Bd3 Rac5 28. Ke2 Rd8 29. f4 Rd7 30. Rb6+ Ke7 31. Rb3 Rdc7 32. h3 Nh5 33. Ke3
R5c6 34. e5 g6 35. g4 Ng7 36. f5 gxf5 37. gxf5 Nh5 38. Kf3 f6 39. e6 Rc5 40.
Rc2 Ng7 41. Kf4 Nh5+ 42. Kf3 1/2-1/2

[Event "Tradewise Gibraltar ChallWk2"]
[Site "Gibraltar"]
[Date "2016.01.30"]
[Round "1.11"]
[White "Gonzalez Gonzalez, Alfonso"]
[Black "Burke, Mitchell R"]
[Result "1-0"]
[WhiteElo "2173"]
[BlackElo "2002"]
[PlyCount "48"]
[EventDate "2016.01.30"]
[EventType "swiss"]
[EventRounds "5"]
[EventCountry "GGB"]
[SourceTitle "BritBase"]
[Source "www.saund.co.uk"]
[SourceDate "2018.02.10"]
[SourceVersion "1"]
[SourceVersionDate "2018.02.10"]
[SourceQuality "1"]

1. d4 Nf6 2. Bg5 d5 3. Bxf6 exf6 4. c4 dxc4 5. Nc3 g6 6. e3 Bg7 7. Bxc4 O-O 8.
Nge2 a6 9. h4 f5 10. h5 Nc6 11. hxg6 hxg6 12. Nf4 Qd6 13. Qf3 Re8 14. O-O-O Na5
15. Be2 Rb8 16. Qd5 Qb6 17. Na4 Qb4 18. Nc5 Be6 19. Ncxe6 fxe6 20. Qf3 g5 21.
Nh5 Qe7 22. Nxg7 Qxg7 23. Rh5 Kf7 24. Qg3 Kf6 1-0

[Event "Tradewise Gibraltar ChallWk2"]
[Site "Gibraltar"]
[Date "2016.01.30"]
[Round "1.12"]
[White "Samaganova, Alexandra"]
[Black "Ajele, Rotimi"]
[Result "1-0"]
[WhiteElo "1992"]
[BlackElo "2163"]
[PlyCount "55"]
[EventDate "2016.01.30"]
[EventType "swiss"]
[EventRounds "5"]
[EventCountry "GGB"]
[SourceTitle "BritBase"]
[Source "www.saund.co.uk"]
[SourceDate "2018.02.10"]
[SourceVersion "1"]
[SourceVersionDate "2018.02.10"]
[SourceQuality "1"]

1. c4 e5 2. Nc3 Nf6 3. Nf3 Nc6 4. a3 d5 5. cxd5 Nxd5 6. Qc2 Be7 7. e3 O-O 8.
Be2 Be6 9. b4 a6 10. Bb2 Kh8 11. Na4 Bf6 12. Nc5 Bc8 13. O-O Nde7 14. Rfd1 b6
15. Ne4 Bf5 16. b5 axb5 17. Bxb5 Qd5 18. Bxc6 Nxc6 19. Nxf6 Qxf3 20. e4 Qe2 21.
Qxc6 Be6 22. Nd7 Rfd8 23. Nxe5 Qh5 24. d4 Bb3 25. Rd3 Ba4 26. Qxc7 Rdc8 27.
Qxf7 Qe2 28. Ng6+ 1-0

[Event "Tradewise Gibraltar ChallWk2"]
[Site "Gibraltar"]
[Date "2016.01.30"]
[Round "1.13"]
[White "Ranaivoharisoa, Alain"]
[Black "Lawson, Dominic Ralph"]
[Result "1/2-1/2"]
[WhiteElo "2160"]
[BlackElo "1988"]
[PlyCount "65"]
[EventDate "2016.01.30"]
[EventType "swiss"]
[EventRounds "5"]
[EventCountry "GGB"]
[SourceTitle "BritBase"]
[Source "www.saund.co.uk"]
[SourceDate "2018.02.10"]
[SourceVersion "1"]
[SourceVersionDate "2018.02.10"]
[SourceQuality "1"]

1. e4 e5 2. Bc4 Nf6 3. d3 c6 4. Bg5 d5 5. Bxf6 gxf6 6. Bb3 Rg8 7. Nd2 Rxg2 8.
Qf3 Rg6 9. h3 Be6 10. Ne2 Qa5 11. O-O-O Bh6 12. c3 Nd7 13. Kc2 O-O-O 14. exd5
cxd5 15. d4 Rg5 16. Kb1 Rdg8 17. c4 Rf5 18. Qc3 Qxc3 19. Nxc3 Rxf2 20. cxd5
Bf5+ 21. Nde4 exd4 22. Rxd4 Rgg2 23. Ka1 Bxe4 24. Nxe4 Rxb2 25. Nd6+ Kb8 26.
Nf5 Bf8 27. d6 Rbf2 28. Re1 a6 29. Rd5 Rg5 30. Re8+ Ka7 31. Ne7 Rg1+ 32. Rd1
Rxd1+ 33. Bxd1 1/2-1/2

[Event "Tradewise Gibraltar ChallWk2"]
[Site "Gibraltar"]
[Date "2016.01.30"]
[Round "1.14"]
[White "Ruiz Manrique, Joaquin"]
[Black "Campbell, Charles"]
[Result "0-1"]
[WhiteElo "1984"]
[BlackElo "2157"]
[PlyCount "92"]
[EventDate "2016.01.30"]
[EventType "swiss"]
[EventRounds "5"]
[EventCountry "GGB"]
[SourceTitle "BritBase"]
[Source "www.saund.co.uk"]
[SourceDate "2018.02.10"]
[SourceVersion "1"]
[SourceVersionDate "2018.02.10"]
[SourceQuality "1"]

1. e4 c6 2. Nc3 d5 3. Nf3 Bg4 4. d4 e6 5. h3 Bxf3 6. gxf3 Nf6 7. Qd3 a6 8. Rg1
b5 9. a3 Nbd7 10. Bg5 Qa5 11. Bd2 Qc7 12. Ne2 c5 13. c3 Nb6 14. Bf4 Qc6 15. Ng3
Rc8 16. Be5 cxd4 17. Bxf6 gxf6 18. Qxd4 e5 19. Qd3 Rd8 20. O-O-O d4 21. Kb1 Rd7
22. Be2 dxc3 23. Qxc3 Qxc3 24. bxc3 Bxa3 25. Nf5 Bc5 26. Rxd7 Kxd7 27. Rg7 Ke8
28. Nh6 Bf8 29. Rxf7 Bxh6 30. Rxf6 Na4 31. Rxa6 Nxc3+ 32. Kc2 Nxe2 33. Ra8+ Kf7
34. Rxh8 Nd4+ 35. Kd3 Kg7 36. Re8 Bf4 37. Rb8 Kg6 38. Rg8+ Kh5 39. Rb8 Kh4 40.
Ra8 Kxh3 41. Ra1 Kg2 42. Ra2 b4 43. Rb2 b3 44. Kc3 h5 45. Rb1 h4 46. Ra1 h3 0-1

[Event "Tradewise Gibraltar ChallWk2"]
[Site "Gibraltar"]
[Date "2016.01.30"]
[Round "1.15"]
[White "Lung, Liviu-Catalin"]
[Black "Petersson, Baldur Teodor"]
[Result "1/2-1/2"]
[WhiteElo "2141"]
[BlackElo "1980"]
[PlyCount "80"]
[EventDate "2016.01.30"]
[EventType "swiss"]
[EventRounds "5"]
[EventCountry "GGB"]
[SourceTitle "BritBase"]
[Source "www.saund.co.uk"]
[SourceDate "2018.02.10"]
[SourceVersion "1"]
[SourceVersionDate "2018.02.10"]
[SourceQuality "1"]

1. e4 c5 2. Nf3 e6 3. d4 cxd4 4. Nxd4 a6 5. Nc3 Qc7 6. g3 b5 7. Bg2 Bb7 8. a3
Nf6 9. O-O d6 10. g4 h6 11. f4 Nbd7 12. g5 hxg5 13. fxg5 d5 14. e5 Bc5 15. gxf6
Qxe5 16. Nce2 Qxh2+ 17. Kf2 Qh4+ 18. Kg1 gxf6 19. Bf4 e5 20. Bg3 Bxd4+ 21. Qxd4
exd4 22. Bxh4 Rxh4 23. Rad1 O-O-O 24. Nxd4 Rg4 25. Kf2 Rdg8 26. Bh3 Rf4+ 27.
Ke3 Rxf1 28. Rxf1 Rg3+ 29. Rf3 Rxf3+ 30. Kxf3 Kc7 31. Bxd7 Kxd7 32. b4 Bc8 33.
Kf4 Kd6 34. Nb3 f5 35. Nd4 Be6 36. Ke3 f6 37. Kf4 Bd7 38. Ke3 Ke5 39. Nf3+ Ke6
40. Nd4+ Kd6 1/2-1/2

[Event "Tradewise Gibraltar ChallWk2"]
[Site "Gibraltar"]
[Date "2016.01.30"]
[Round "1.16"]
[White "Broekman, Willem"]
[Black "Osuna Vega, Enrique"]
[Result "1-0"]
[WhiteElo "1978"]
[BlackElo "2127"]
[PlyCount "121"]
[EventDate "2016.01.30"]
[EventType "swiss"]
[EventRounds "5"]
[EventCountry "GGB"]
[SourceTitle "BritBase"]
[Source "www.saund.co.uk"]
[SourceDate "2018.02.10"]
[SourceVersion "1"]
[SourceVersionDate "2018.02.10"]
[SourceQuality "1"]

1. d4 e6 2. c4 f5 3. Nc3 d5 4. g3 Nf6 5. Bg2 c6 6. Nf3 Bd6 7. Bf4 Bxf4 8. gxf4
O-O 9. e3 Ne4 10. Qc2 Nd7 11. O-O-O Qa5 12. Kb1 Nxc3+ 13. Qxc3 Qxc3 14. bxc3 b6
15. Nd2 Nf6 16. cxd5 cxd5 17. Bf3 Bb7 18. c4 Rac8 19. Rc1 Ba6 20. cxd5 Bd3+ 21.
Kb2 exd5 22. Rhe1 Rfe8 23. Nb3 Kf8 24. Red1 Bb5 25. Nd2 Bd3 26. Nb3 Bb5 27. Nd2
Ke7 28. Nb1 Kd6 29. Rxc8 Rxc8 30. Nc3 Bc4 31. Rc1 Rb8 32. Rg1 Rb7 33. Bd1 Bd3
34. Bf3 Ke6 35. Rc1 Rc7 36. Rd1 Bc4 37. Rc1 Re7 38. Nb1 Kd6 39. Na3 Rc7 40. Nb1
Bd3 41. Nc3 Bc4 42. Nb1 Nd7 43. Nc3 Nb8 44. Bxd5 Ba6 45. Bf3 Nd7 46. a3 Nf6 47.
Na2 Rxc1 48. Kxc1 Bc4 49. Nc3 a6 50. Kb2 Nd7 51. Nb1 Bd5 52. Be2 Bb7 53. a4 a5
54. Nc3 Bc6 55. Bd3 g6 56. Be2 Nf6 57. Kb3 Kd7 58. Kc4 Kd6 59. f3 Ke6 60. Kd3
Kd6 61. Bd1 1-0

[Event "Tradewise Gibraltar ChallWk2"]
[Site "Gibraltar"]
[Date "2016.01.30"]
[Round "1.17"]
[White "Dolzhikova, Olga"]
[Black "Sedgwick, David"]
[Result "1-0"]
[WhiteElo "2126"]
[BlackElo "1973"]
[PlyCount "80"]
[EventDate "2016.01.30"]
[EventType "swiss"]
[EventRounds "5"]
[EventCountry "GGB"]
[SourceTitle "BritBase"]
[Source "www.saund.co.uk"]
[SourceDate "2018.02.10"]
[SourceVersion "1"]
[SourceVersionDate "2018.02.10"]
[SourceQuality "1"]

1. e4 e6 2. d4 d5 3. e5 c5 4. c3 Qb6 5. Nf3 Nc6 6. a3 a5 7. Bd3 Nh6 8. O-O cxd4
9. cxd4 Nf5 10. Bxf5 exf5 11. Nc3 Be6 12. Qe2 Be7 13. Be3 O-O 14. Rac1 f4 15.
Bxf4 Nxd4 16. Nxd4 Qxd4 17. Qf3 Rfd8 18. Rfd1 Qb6 19. a4 Qb3 20. Rd3 d4 21. Ne4
Qxb2 22. Qh5 Rac8 23. Rcd1 Qc2 24. Nd6 Bxd6 25. exd6 Rc5 26. Qf3 Rc3 27. Rxc3
dxc3 28. Bg5 Rd7 29. Rc1 Qf5 30. Be7 Qxf3 31. gxf3 Bd5 32. Rxc3 Bc6 33. Rc5 f6
34. Rxa5 Bxf3 35. Ra8+ Kf7 36. Rb8 Bc6 37. a5 Be4 38. Kf1 Ke6 39. Ke2 Bd5 40.
Ke3 Ba2 1-0

[Event "Tradewise Gibraltar ChallWk2"]
[Site "Gibraltar"]
[Date "2016.01.30"]
[Round "1.19"]
[White "Vinas Guerrero, Carlos A"]
[Black "Adebajo, Olufemi"]
[Result "1-0"]
[WhiteElo "2123"]
[BlackElo "1963"]
[PlyCount "55"]
[EventDate "2016.01.30"]
[EventType "swiss"]
[EventRounds "5"]
[EventCountry "GGB"]
[SourceTitle "BritBase"]
[Source "www.saund.co.uk"]
[SourceDate "2018.02.10"]
[SourceVersion "1"]
[SourceVersionDate "2018.02.10"]
[SourceQuality "1"]

1. e4 d6 2. d4 Nf6 3. Nc3 c6 4. f4 Qa5 5. Bd3 e5 6. Nf3 Bg4 7. Be3 Nbd7 8. O-O
Be7 9. h3 Bxf3 10. Rxf3 O-O 11. Qd2 exd4 12. Bxd4 Qc7 13. Re1 b5 14. e5 b4 15.
exf6 bxc3 16. Bxh7+ Kxh7 17. Qd3+ g6 18. fxe7 Rg8 19. Bxc3 Rae8 20. f5 Ne5 21.
Bxe5 dxe5 22. f6 Qb6+ 23. Kh2 Qxb2 24. Re4 Rh8 25. Qd7 g5 26. Qf5+ Kh6 27. h4
Qc1 28. hxg5+ 1-0

[Event "Tradewise Gibraltar ChallWk2"]
[Site "Gibraltar"]
[Date "2016.01.30"]
[Round "1.20"]
[White "Bryant, Richard B E"]
[Black "Boado Rodriguez, Martin"]
[Result "0-1"]
[WhiteElo "1961"]
[BlackElo "2121"]
[PlyCount "86"]
[EventDate "2016.01.30"]
[EventType "swiss"]
[EventRounds "5"]
[EventCountry "GGB"]
[SourceTitle "BritBase"]
[Source "www.saund.co.uk"]
[SourceDate "2018.02.10"]
[SourceVersion "1"]
[SourceVersionDate "2018.02.10"]
[SourceQuality "1"]

1. e4 Nf6 2. e5 Nd5 3. d4 d6 4. Nf3 g6 5. c4 Nb6 6. exd6 cxd6 7. Bd2 Bg7 8. Bc3
d5 9. c5 N6d7 10. Bb5 O-O 11. O-O Nf6 12. Qa4 Bd7 13. Ne5 Bxb5 14. Qxb5 Qc7 15.
Ba5 Qc8 16. Nc3 Nc6 17. Nxc6 bxc6 18. Qe2 Re8 19. Rad1 Nd7 20. f4 Nf6 21. a3 h5
22. Na2 Rb8 23. Be1 Qg4 24. Rf3 Rb3 25. Rdd3 Rb7 26. Nb4 Rc8 27. Rd1 Ne4 28.
Qa6 Rbc7 29. Nc2 Ra8 30. Kh1 Bh6 31. Qf1 a5 32. f5 gxf5 33. Rxf5 e6 34. Rf3 f6
35. Ne3 Qg7 36. Bh4 f5 37. Qe2 Rb8 38. Nf1 Rcb7 39. b4 axb4 40. Ng3 Nc3 41.
Rxc3 bxc3 42. Nxh5 Qf7 43. Bg3 Rb2 0-1

[Event "Tradewise Gibraltar ChallWk2"]
[Site "Gibraltar"]
[Date "2016.01.30"]
[Round "1.22"]
[White "Tranter, Stephen"]
[Black "Sanghera, Parminder"]
[Result "0-1"]
[WhiteElo "1952"]
[BlackElo "2112"]
[PlyCount "136"]
[EventDate "2016.01.30"]
[EventType "swiss"]
[EventRounds "5"]
[EventCountry "GGB"]
[SourceTitle "BritBase"]
[Source "www.saund.co.uk"]
[SourceDate "2018.02.10"]
[SourceVersion "1"]
[SourceVersionDate "2018.02.10"]
[SourceQuality "1"]

1. e4 d5 2. exd5 Qxd5 3. Nc3 Qa5 4. Bc4 Nf6 5. d3 c6 6. Bd2 Qc7 7. Qe2 Bf5 8.
h3 e6 9. Bb3 Be7 10. g4 Bg6 11. f4 Na6 12. Nf3 O-O-O 13. Ne5 Nd7 14. Nxg6 hxg6
15. O-O-O Nac5 16. Ne4 Nxb3+ 17. axb3 Nf6 18. Qf2 Kb8 19. Ng5 Rhf8 20. Bc3 Ka8
21. Rhf1 Bd6 22. Rde1 Nd5 23. Bd2 Bb4 24. c3 Be7 25. Ne4 Rh8 26. Qf3 Rd7 27.
Kc2 Rhd8 28. Ra1 Qb6 29. Qf2 Qxf2 30. Rxf2 b6 31. Rf3 c5 32. Raf1 Kb7 33. Ng5
Bf6 34. Ne4 Rh8 35. c4 Ne7 36. Nxf6 gxf6 37. Bc3 Ng8 38. Rd1 Rh7 39. d4 cxd4
40. Bxd4 f5 41. g5 Ne7 42. Rfd3 Nc6 43. Bc3 Rc7 44. Rf3 a5 45. Rd6 Rh4 46. Kd2
Nb8 47. Bf6 Na6 48. Bd8 Rc6 49. Rxc6 Kxc6 50. Bf6 Nc5 51. Be5 Rh5 52. Ke2 Nd7
53. Bc3 e5 54. fxe5 Rxg5 55. Rd3 Rg2+ 56. Kf3 Rh2 57. Kf4 Re2 58. Re3 Rxe3 59.
Kxe3 Nc5 60. b4 Na4 61. Bd4 axb4 62. b3 Nc5 63. Bxc5 bxc5 64. e6 fxe6 65. Kf4
Kd6 66. Kg5 e5 67. h4 f4 68. Kxg6 f3 0-1